000 00311nam a22001337a 4500
020 _a0903486342
082 _a336.942 GAN
100 _aGanz Gabriele
245 _aGovenment and industry
260 _aLondon
_bProfessional books
_c1977
300 _axii,112p.
_b23cm.
500 _aInclude index
942 _cBK
999 _c13539
_d13539